000 00416nam a2200181Ia 4500
008 100920s9999 xx 000 0 und d
082 _b6618
_a491.462 0
100 _a---
245 _aइभ्रत.
260 _b---
_c0
300 _a71
_bसाधी
365 _b0
520 _aनाटक.
630 _aइभ्रत.
650 _aनाटक.
730 _aइभ्रत.
942 _cBOOK
999 _c674975
_d674972